| 000 | 00475nam a2200193Ia 4500 | ||
|---|---|---|---|
| 005 | 20231011113742.0 | ||
| 008 | 131103s9999 xx 000 0 und d | ||
| 020 |
_a99434709 _cRs. 252 |
||
| 040 | _aLoreto College | ||
| 041 | _aEnglish | ||
| 082 |
_aF _bREN |
||
| 100 | _aRendell, Ruth | ||
| 245 | 4 |
_aThe tree of hands _cRuth Rendell |
|
| 260 |
_aLondon _bArrow Books _c1994 |
||
| 300 | _a269p, 17.5 cm. | ||
| 650 | _aFiction-Suspense | ||
| 850 | _aLCLIB | ||
| 942 | _cBK | ||
| 999 |
_c2208 _d52687 |
||